Memoria

Enregistré dans:
Détails bibliographiques
Format: Texte
Publié: Managua: ARCN
Tags: Ajouter un tag
Pas de tags, Soyez le premier à ajouter un tag!

MARC

LEADER 00000 a a2200000 04500
001 24428
003
040
090 |a 175200  
245 |a Memoria  
260 |a Managua:   |b ARCN  
300 |a 54 p.  
999 |c 16870  |d 16870